000 00627nam a2200181Ia 4500
003 LDD
008 190117s9999 xx 000 0 und d
020 _a8170162165
_c₹60
040 _cLDD
041 _ahi
082 _a8H3.7 या4668 द
100 _aयादव, राजेन्द्र
245 0 _aदस प्रतिनिधि कहानियाँ
_cराजेन्द्र यादव
260 _aनई दिल्ली
_bकिताबघर
_c1994
300 _a92प्र.
440 _aदस प्रतिनिधि कहानियाँ सीरीज
942 _2ddc
_cH
999 _c167730
_d167730